| 000 | 00639nam a2200241 a 4500 | ||
|---|---|---|---|
| 999 |
_c10508 _d10508 |
||
| 001 | 10508 | ||
| 003 | BD-JhCC | ||
| 005 | 20180430182154.0 | ||
| 008 | 180430s1965 nbu |||| b||| 000 0 eng d | ||
| 035 | _a(BD-JhCC)10508 | ||
| 040 |
_aBD-JhCC _dBD-JhCC |
||
| 041 | _aeng | ||
| 082 |
_a823.8 _bKAS 1965 |
||
| 100 | _aKaste, Harry | ||
| 245 |
_aOliver Twist : _bNotes / _cHarry Kaste, |
||
| 260 |
_aLIncoln : _bCliff's Notes, _c1965. |
||
| 300 |
_a103 P. : _c21 cm. |
||
| 504 | _aIncludes Bibliographical Reference. | ||
| 600 | _aOliver Twist (Dickens, Charles) | ||
| 650 | _aNovelists, English | ||
| 942 |
_2ddc _cBK |
||